00837nam a2200229 a 450000100100000000500170001000800410002702000150006804000250008308200200010810000320012824500770016026000440023730000270028150000560030865000290036465000320039370000380042504900090046395201180047299900170059000001731820240411074010.0100322s1999 dr a 000 j spa d z9768109084 aDO-SdBNPbspacBNPHU aRD863.44bS593j1 aSimó, Eric,d1957-93797313aEl Jabao :bcuentos /cEric Simó. ; ilustración Hampton Rodríguez. aSanto Domingo :bCocolo,c1999.fBúho a89 p. :bil. ;c21 cm. aIncluye datos biográficos del autor en la solapa. 0aCuentos dominicanos9176 4aLiteratura domincana9256811 aRodríguez, Hampton,eil.937974 aBNPD 0010718PDaPDbPDcCTd2010-03-22iLF1l0oRD863.44 S593jp17318-10r2020-06-25w2020-06-25yLFPDZNo se presta c16843d16843